00414 a2200097 4500001001000000005001700010008004100027245007900068100004900147773012000196ART_1566120260410161918.0260409a 10aConsensos en torno al reclamo de mediciones no tradicionales a nivel macro1 aRodríguez de Ramírez, María del Carmen0 tDocumentos de trabajo de contabilidad, auditoría y responsabilidad socialg- Año 2, Nº 3 (jun. 2012)wREV14385